Flags of the Republics of Russia - Statistics

General Stats
  • This quiz has been taken 352 times
  • The average score is 9 of 21
Answer Stats
Picture Answer % Correct
Russian Federation
95%
Dagestan
58%
Tatarstan
50%
Tuva Republic
50%
North Ossetia-Alania
47%
Chechen Republic
46%
Sakha
45%
Ingushetia
42%
Kalmykia
41%
Republic of Karelia
41%
Buryatia
40%
Mari El Republic
39%
Komi Republic
38%
Udmurtia
38%
Altai Republic
36%
Bashkortostan
35%
Chuvash Republic
35%
Republic of Adygea
35%
Mordovia
31%
Karachay-Cherkess
26%
Khakassia
26%
No matching quizzes found
Score Distribution
Percent of People with Each Score
Percentile by Number Answered
Your Score History
You have not taken this quiz